Govt. of
Madhya Pradesh

Normal view MARC view

Entry Topical Term

Number of records used in: 1

001 - CONTROL NUMBER

  • control field: 56353

003 - CONTROL NUMBER IDENTIFIER

  • control field: OSt

005 - DATE AND TIME OF LATEST TRANSACTION

  • control field: 20160512132234.0

008 - FIXED-LENGTH DATA ELEMENTS

  • fixed length control field: 160512|| aca||aabn | a|a d

040 ## - CATALOGING SOURCE

  • Original cataloging agency: OSt
  • Transcribing agency: OSt

150 ## - HEADING--TOPICAL TERM

  • Topical term or geographic name entry element: Literacture

670 ## - SOURCE DATA FOUND

  • Source citation: Work cat.: (OSt)48985: डॉ प्रसाद, सुरेन्‍द्र 56352, साठोत्‍तरी हिन्‍दी कहानी साहित्‍य में चित्रित ग्रामीण समस्‍याऍ, 2010